000 00376nam a22001217a 4500
082 _a200 THE
100 _aAtif Sohail Abid
_970555
245 _aTH-SOF-1047-EXTRACTING PUBLIC WEB SERVICE DESCRIPTION FROM WWW
260 _aISLAMABAD
_bNUST COLLEGE OF EME
_c2014
650 _aMS-CSE-10 MSTHESIS
_970287
700 _aSUPERVISOR Dr. Muhammad Younus Javed
_970556
942 _cCF
999 _c577530
_d577530